000 00623nam a2200181 a 4500
001 000034685
005 20250512093701.0
008 100804s2010 dr g 000 0 spa d
020 _a9789945404296
040 _aDO-SdBNP
_bspa
_cBNPHU
082 _aXXX
_bH557m
100 1 _aHernández, Julio Alberto,
_d1900-1999
_954416
245 1 0 _aMúsica tradicional dominicana /
_cJulio Alberto Hernández.
260 _aSanto Domingo :
_bEdiciones de Cultura,
_c2010.
300 _a108 p. :
_bmús. ;
_c23 cm.
500 _aIncluye datos biográficos del autor en las solapas
700 1 _aAlmánzar Botello, Armando,
_d1956-
_eed.
_9826
999 _c34176
_d34176